| 000 | 01060nam a22001817a 4500 | ||
|---|---|---|---|
| 003 | OSt | ||
| 005 | 20251121143049.0 | ||
| 008 | 251121b |||||||| |||| 00| 0 eng d | ||
| 040 | _cDCL | ||
| 082 | _a၂၉၄.၃၈၂၃၅၁၄ | ||
| 130 |
_aတိပိဋက။ _n သုတ္တန္တပိဋက။ _pခုဒ္ဒကနိကာယ။ _tသုတ္တနိပါတ၊ _lအဋ္ဌကထာ၊ _sနိဿယ။ |
||
| 245 | 1 | 0 |
_aသုတ္တနိပါတအဋ္ဌကထာနိဿယ ၊ _nဒုတိယတွဲ / _cအသျှင်ဇာဂရမထေရ်။ |
| 264 |
_aမန္တလေး ၊ _bမန္တလေးတောင်တော် ပိဋကတ်စာပုံနှိပ်တိုက်၊ _c၁၉၃၃။ |
||
| 300 |
_a၅၆၇ စာမျက်နှာ ၊ _c၂၅ စင်တီ။ |
||
| 650 |
_aသုတ္တနိပါတ _vအဋ္ဌကထာ နိဿယ။ |
||
| 700 | _aဇာဂရမထေရ်၊ အသျှင် | ||
| 942 |
_2ddc _cSHORT TERM _n0 |
||
| 999 |
_c2574 _d2574 |
||